| 000 | 00693cam a22002413a 4500 | ||
|---|---|---|---|
| 001 | 18536 | ||
| 003 | PGUSA | ||
| 005 | 20140828083408.0 | ||
| 008 | 060608s2006||||xxu|||||s|||||000 | eng d | ||
| 040 |
_aPGUSA _beng |
||
| 042 | _adc | ||
| 050 | 4 | _aPL | |
| 100 | 1 | _aIgnacio, Cleto R. | |
| 245 | 1 | 0 |
_aCahangahangang Buhay ni Santa Margarita de Cortona _h[electronic resource] / _cCleto R. Ignacio |
| 260 |
_bProject Gutenberg, _c2006 |
||
| 506 | _aPublic domain in the USA. | ||
| 516 | _aElectronic text | ||
| 653 | _aSaints -- Philippines | ||
| 653 | _aTagalog language -- Texts | ||
| 830 | 0 |
_aProject Gutenberg _v18536 |
|
| 856 | 4 | 0 | _uhttp://www.gutenberg.org/ebooks/18536 |
| 942 | _cEB | ||
| 999 |
_c247791 _d247791 |
||